00315nam a2200097Ia 4500008004100000100002600041245006000067260005900127650001200186999001900198160725s9999 xx 000 0 und d aJimenez, Ana Maria Y. aSimulation as a learning strategy in nursing education. bKaizen Research Journal College of NursingcMarch 2013 aNURSING c298036d298036